000 00258nam a22001097a 4500
008 170117b xxu||||| |||| 00| 0 eng d
020 _a9781582558646
041 _aeng
080 _22ND
_a618.2
245 _a3-MINUTE ASSESMENT
_cSCHILLING, J.A
942 _2udc
_cBK
999 _c3020
_d3020